000 00387nam a22001571a 4500
020 _a9788185023526
082 _aH 808.1
_bKRI/K
100 _aKrishandev Jhari
245 _aKavya shastriya nibandh/
_cby Krishandev Jhari
260 _aNew Delhi:
_bSharada,
_c1989.
300 _a248p.
650 _aLiterature Hindi
650 _aPoetics Hindi
650 _aLiterature
942 _cBK
999 _c23628
_d23628